[Event "Invitation"]
[Site "http://www.queenalice.com/game.php?id=610413"]
[Date "2009.6.28"]
[Round "-"]
[White "karoline"]
[Black "indicaroline"]
[Result "0-1"]
[WhiteElo "1522"]
[BlackElo "1363"]

1. d4 d5 2. Nc3 Nf6 3. Bf4 Nc6 4. Nf3 Bg4 5. Nb5 e6 6. Nxc7+ Ke7 7. Nxa8 Qxa8 8.
e3 Ke8 9. Bb5 Qc8 10. Ne5 Bxd1 11. Bxc6+ bxc6 12. Rxd1 Ne4 0-1

[Event "Challenge"]
[Site "http://www.queenalice.com/game.php?id=614462"]
[Date "2009.7.7"]
[Round "-"]
[White "indicaroline"]
[Black "alfonso"]
[Result "1-0"]
[WhiteElo "1395"]
[BlackElo "1424"]

1. e4 e5 2. Nf3 f6 3. Nc3 Bc5 4. Bc4 Ne7 5. O-O Ng6 6. d3 Nc6 7. Bb5 Nb4 8. Re1
c6 9. Bc4 b5 10. d4 exd4 11. Nxd4 bxc4 12. Be3 O-O 13. a3 Na6 14. b4 Bb6 15. Qd2
Qe8 16. Nf3 Bc7 17. Bc5 Qd8 18. Bxf8 Qxf8 19. Qd4 Ne7 20. Qxc4+ Kh8 21. Rad1 g5
22. b5 Nb8 23. bxc6 Nbxc6 24. e5 f5 25. Nxg5 Kg7 26. e6 d5 27. Nxd5 Kg6 28. Nxc7
Rb8 29. Qh4 Qg7 30. Ne8 Qg8 31. Nxh7 Qxe8 32. Ng5 Rb5 33. g4 f4 34. Qh5+ Kf6 35.
Qxe8 Kxg5 36. Qh5+ Kf6 37. Qf7+ Kg5 38. Qh5+ Kf6 39. Qxb5 Bxe6 40. Rd6 a5 41.
Rexe6+ Kf7 42. Qb7 Kg8 43. Rf6 Ne5 44. Qxe7 1-0

[Event "Challenge"]
[Site "http://www.queenalice.com/game.php?id=631201"]
[Date "2009.8.5"]
[Round "-"]
[White "indicaroline"]
[Black "HelterSkelter"]
[Result "1-0"]
[WhiteElo "1390"]
[BlackElo "1252"]

1. e4 e5 2. Nf3 Nc6 3. Nc3 Bb4 4. Bc4 Nf6 5. O-O O-O 6. Bb5 a6 7. Bxc6 bxc6 8.
Nxe5 d6 9. Nxc6 Qd7 10. Nd4 Bb7 11. Qe2 Rae8 12. Qc4 a5 13. d3 Bc5 14. Be3 Bxd4
15. Qxd4 c5 16. Qc4 Qc8 17. Rad1 Ba6 18. Qa4 Ng4 19. Bf4 Bb7 20. Bxd6 Bc6 21.
Qxa5 Ne5 22. Bxf8 Rxf8 23. Qxc5 Nd7 24. Qd6 Rd8 25. Qf4 Nf6 26. e5 Nh5 27. Qc4
Bd7 28. Qh4 g6 29. d4 Ng7 30. d5 Nf5 31. Qg5 Ng7 32. e6 fxe6 33. dxe6 Nxe6 34.
Qe7 Nf8 35. a4 Re8 36. Qf6 Re6 37. Qf3 h5 38. Qd5 h4 39. Ne4 Bc6 40. Qb3 Bxe4
41. Rfe1 g5 42. Rxe4 g4 43. Rxg4+ Ng6 44. Rxg6+ Kh7 45. Rxe6 1-0

[Event "Challenge"]
[Site "http://www.queenalice.com/game.php?id=631204"]
[Date "2009.8.5"]
[Round "-"]
[White "indicaroline"]
[Black "pedroingles"]
[Result "0-1"]
[WhiteElo "1412"]
[BlackElo "1643"]

1. e4 e5 2. Nf3 Nf6 3. Nc3 Bb4 4. Bc4 O-O 5. O-O d6 6. Re1 Nc6 7. Nd5 Be6 8. c3
Ba5 9. Nxf6+ Qxf6 10. d3 Bxc4 11. dxc4 Qe6 12. Qd3 Bb6 13. Be3 Bxe3 14. Rxe3 Na5
15. Rd1 Qxc4 16. Qxc4 Nxc4 17. Re2 f6 18. Rd5 a5 19. Rb5 b6 20. b3 c6 0-1

[Event "Challenge"]
[Site "http://www.queenalice.com/game.php?id=637433"]
[Date "2009.8.15"]
[Round "-"]
[White "indicaroline"]
[Black "BobySponja"]
[Result "0-1"]
[WhiteElo "1399"]
[BlackElo "1692"]

1. e4 e5 2. Nf3 Nf6 3. Nc3 Bb4 4. Nxe5 d5 5. exd5 Bxc3 6. dxc3 O-O 7. Bc4 Re8 8.
Bf4 Nbd7 9. Qd4 Qe7 10. O-O Nxe5 11. Bxe5 Qxe5 12. Qc5 Qg5 13. Qxc7 Bh3 14. g3
Bxf1 15. Kxf1 Nxd5 16. Bxd5 Qxd5 17. b3 Qh1# 0-1

[Event "Challenge"]
[Site "http://www.queenalice.com/game.php?id=639755"]
[Date "2009.8.21"]
[Round "-"]
[White "indicaroline"]
[Black "gfxman"]
[Result "1-0"]
[WhiteElo "1428"]
[BlackElo "1656"]

1. e4 e5 2. Nf3 Nc6 3. Nc3 Bc5 4. d4 exd4 5. Nd5 Nf6 6. Bg5 d6 7. Nxf6+ gxf6 8.
Bh6 Bg4 9. Be2 Ne5 10. Nxe5 Bxe2 11. Qxe2 dxe5 12. O-O Qd7 13. Rad1 Rg8 14. c3
Qg4 15. Qxg4 Rxg4 16. h3 Rxe4 17. Bg7 Rd8 18. Bxf6 Be7 19. Bxe7 Kxe7 20. f3 Re2
21. Rfe1 Rxe1+ 22. Rxe1 d3 23. Rxe5+ Kf6 24. Re1 d2 25. Rd1 1-0

[Event "Challenge"]
[Site "http://www.queenalice.com/game.php?id=683283"]
[Date "2009.11.14"]
[Round "-"]
[White "indicaroline"]
[Black "baldini"]
[Result "0-1"]
[WhiteElo "1400"]
[BlackElo "1865"]

1. e4 c6 2. d4 d5 3. e5 Bf5 4. Nc3 e6 5. Nf3 Nd7 6. Bd3 Ne7 7. O-O Qc7 8. Re1
Bxd3 9. Qxd3 Nf5 10. Bf4 Bb4 11. Rad1 O-O 12. a3 Bxc3 0-1

[Event "Challenge"]
[Site "http://www.queenalice.com/game.php?id=687947"]
[Date "2009.11.24"]
[Round "-"]
[White "indicaroline"]
[Black "FENIX_RJ"]
[Result "1-0"]
[WhiteElo "1432"]
[BlackElo "1455"]

1. e4 e5 2. Nf3 Nc6 3. Bc4 Nf6 4. Nc3 Bc5 5. O-O Ng4 6. d4 exd4 7. Nd5 Bd6 8.
Bf4 Ne7 9. Qxd4 O-O 10. Rad1 Nc6 11. Qd2 Bb4 12. Nxb4 Na5 13. Bb5 c6 14. Ba4 Nc4
15. Qc3 Nb6 16. Bb3 g5 17. Bxg5 Qc7 18. h3 a5 19. hxg4 axb4 20. Qxb4 c5 21. Qc3
c4 22. Bh6 f6 23. Bxf8 Kxf8 24. Qxf6+ Ke8 25. Rd6 cxb3 26. axb3 Ra6 27. e5 Nd5
28. Qh8+ Ke7 29. Rxd5 Rh6 30. Rfd1 Qxc2 31. Qg7+ Kd8 32. Rxd7+ Bxd7 33. Qxd7#
1-0

[Event "Challenge"]
[Site "http://www.queenalice.com/game.php?id=690352"]
[Date "2009.11.29"]
[Round "-"]
[White "paulofreitas"]
[Black "indicaroline"]
[Result "1-0"]
[WhiteElo "1712"]
[BlackElo "1453"]

1. e4 e5 2. d4 exd4 3. Qxd4 Nc6 4. Qc3 Bb4 5. Qxb4 Nxb4 6. a3 Nxc2+ 7. Kd2 Nxa1
8. Bc4 Qg5+ 9. Kd1 Qxg2 10. Nd2 Qxh1 11. Nf3 Nf6 12. Be3 O-O 13. Bd4 d6 14. Kc1
Nxe4 15. Bd5 c6 16. Bxe4 Qg2 17. Kb1 Qf1+ 18. Ka2 Be6+ 19. b3 Bxb3+ 20. Kb2 Rfe8
21. Bb1 c5 22. Be3 Bc2 23. Bxc2 Nxc2 24. Kxc2 c4 25. h3 Qd3+ 26. Kb2 c3+ 27. Kb3
Rac8 28. Bg5 c2+ 29. Kb2 f6 30. Bf4 Re4 31. Bd2 c1=Q+ 32. Bxc1 Qc2+ 33. Ka1
Qxc1+ 34. Ka2 1-0

[Event "Challenge"]
[Site "http://www.queenalice.com/game.php?id=690355"]
[Date "2009.11.29"]
[Round "-"]
[White "indicaroline"]
[Black "paulofreitas"]
[Result "0-1"]
[WhiteElo "1447"]
[BlackElo "1718"]

1. e4 e5 2. Nf3 Nc6 3. Bc4 Nf6 4. O-O d5 5. exd5 Nxd5 6. d4 exd4 7. Nxd4 Nxd4 8.
Qxd4 Be6 9. Re1 c6 10. Nc3 b5 11. Bxd5 Qd7 12. Qe4 cxd5 13. Nxd5 O-O-O 14. Nc3
Qb7 15. Qxb7+ Kxb7 16. Nxb5 Bc4 17. Nc3 Bb4 18. Re3 f5 19. h3 g5 20. g4 f4 21.
Re4 Bxc3 22. Rxc4 Rd1+ 23. Kg2 Bg7 24. Rb1 Bf8 25. c3 Re1 26. f3 Re2+ 27. Kf1
Rh2 28. Kg1 Rxh3 29. Kg2 Rg3+ 30. Kf2 Bd6 31. b3 Kb6 32. b4 h5 33. Bd2 hxg4 34.
fxg4 Rh2+ 0-1

[Event "Challenge"]
[Site "http://www.queenalice.com/game.php?id=723442"]
[Date "2010.1.31"]
[Round "-"]
[White "indicaroline"]
[Black "Wettkampf"]
[Result "1-0"]
[WhiteElo "1439"]
[BlackElo "1495"]

1. e4 e5 2. Nf3 Nc6 3. Bc4 Nf6 4. Nc3 Bc5 5. O-O Nb4 6. Nxe5 d6 7. Nf3 O-O 8. a3
Nc6 9. d4 Bb6 10. Bf4 Bg4 11. h3 Bxf3 12. Qxf3 Bxd4 13. Rad1 Na5 14. Rxd4 c5 15.
Rd3 Nxc4 16. Rfd1 Nxb2 17. Rxd6 Qa5 18. Ra1 Nc4 19. Rdd1 Nb2 20. Rdb1 Nc4 21.
Rb3 b6 22. a4 Qa6 23. e5 Nd7 24. Rd1 1-0

[Event "Challenge"]
[Site "http://www.queenalice.com/game.php?id=723444"]
[Date "2010.1.31"]
[Round "-"]
[White "indicaroline"]
[Black "digger"]
[Result "0-1"]
[WhiteElo "1449"]
[BlackElo "1591"]

1. e4 e5 2. Nf3 Nc6 3. Bc4 Nh6 4. O-O Bc5 5. Nc3 O-O 6. d3 Kh8 7. Bg5 f6 8. Bh4
g5 9. Bg3 a6 10. Bd5 Na5 11. d4 exd4 12. Nxd4 c6 13. Bb3 f5 14. Re1 f4 15. Bxf4
Rxf4 16. g3 Nxb3 17. Nxb3 Bxf2+ 18. Kg2 Bxe1 19. gxf4 Bh4 20. Qd2 gxf4 21. Qxf4
Qg8+ 22. Kh3 Bg5 23. Qg3 d5+ 24. Kg2 dxe4 25. Nxe4 Nf7 26. Rd1 Bf5 27. Nxg5 Nxg5
28. Qe5+ Qg7 29. Qd6 Ne4+ 30. Kf3 Nxd6 31. Rxd6 Bg4+ 0-1

[Event "Challenge"]
[Site "http://www.queenalice.com/game.php?id=746263"]
[Date "2010.3.14"]
[Round "-"]
[White "indicaroline"]
[Black "Petruzza"]
[Result "0-1"]
[WhiteElo "1457"]
[BlackElo "1697"]

1. e4 e6 2. Nf3 g5 3. h3 Bg7 4. Nc3 h5 5. Bc4 g4 6. hxg4 hxg4 7. Rxh8 Bxh8 8.
Ng1 Nf6 9. d3 d5 10. exd5 exd5 11. Qe2+ Be6 12. Bb3 c6 13. Bg5 Nbd7 14. O-O-O b5
15. f3 gxf3 16. Nxf3 a5 17. a4 b4 18. Na2 Qb6 19. Re1 O-O-O 20. c3 bxc3 21. Qc2
d4 22. Bxe6 fxe6 23. Rxe6 Nc5 24. Re2 cxb2+ 25. Qxb2 Nxd3+ 0-1

[Event "Challenge"]
[Site "http://www.queenalice.com/game.php?id=746264"]
[Date "2010.3.14"]
[Round "-"]
[White "indicaroline"]
[Black "digger"]
[Result "0-1"]
[WhiteElo "1451"]
[BlackElo "1693"]

1. e4 g6 2. d4 d5 3. exd5 Qxd5 4. Nc3 Qe6+ 5. Be2 Qc6 6. Nf3 Bf5 7. Bb5 Be6 8.
O-O Nf6 9. Bxc6+ Nxc6 10. Bf4 Bc4 11. Re1 O-O-O 12. b3 Be6 13. Ng5 h6 14. Nxe6
fxe6 15. Rxe6 Rxd4 16. Qf3 g5 17. Be3 Rd7 18. Rd1 Bg7 19. Nd5 Re8 20. Bxa7 Nxa7
21. Nxe7+ Rdxe7 22. Rxe7 Rxe7 23. Qd3 Nc6 24. Qf5+ Kb8 25. a4 Nd4 26. Qc5 Ne2+
27. Kf1 Ng4 28. Qxe7 Bf6 29. Qxe2 Nxh2+ 30. Kg1 Be5 31. Qe3 Bd6 0-1